| 000 | 01890cam a22003494a 4500 | ||
|---|---|---|---|
| 001 | 15259255 | ||
| 003 | OSt | ||
| 005 | 20240624122913.0 | ||
| 008 | 080412s2007 enka b 001 0 eng c | ||
| 010 | _a 2008273139 | ||
| 015 |
_aGBA682496 _2bnb |
||
| 016 | 7 |
_a013563392 _2Uk |
|
| 020 | _a9781844074013 (pbk.) | ||
| 035 | _a(OCoLC)ocm71808676 | ||
| 040 |
_aUKM _cMUST _dBAKER _dYDXCP _dBWKUK _dUMC _dBTCTA _dIQU _dDLC |
||
| 042 | _apcc | ||
| 082 | 0 | 0 | _a537.54 LUQ |
| 100 |
_aLuque, Antonio _917678 |
||
| 245 | 0 | 0 |
_aHandbook of photovoltaics science and engineering / _cAntonio Luque |
| 250 | _a2nd ed. | ||
| 260 |
_aLondon ; _bEarthscan, |
||
| 300 |
_axii, 323 p. : _bill. ; _c25 cm. |
||
| 504 | _aIncludes bibliographical references and index. | ||
| 505 | 0 | _aThe characteristics of sunlight -- Semiconductors and P-N junctions -- The behavior of solar cells -- Cell properties and design -- PV cell interconnection and module fabrication -- Stand-alone photovoltaic system components -- Designing stand-alone photovoltaic systems -- Specific purpose photovoltaic applications -- Remote area power supply systems -- Grid-connected photovoltaic systems -- Photovoltaic water pumping system components -- PV water pumping system design -- Standard AM0 and AM1.5 spectra -- Equations for calculating sun position -- Characteristic days and declinations -- Some insolation data sources -- Standards -- Alternative sources of power for water pumping -- Stand-alone photovoltaic system design -- System design for PV-powered water pumping. | |
| 650 | 0 |
_aPhotovoltaic power generation. _917679 |
|
| 650 | 0 |
_aPhotovoltaic cells. _917680 |
|
| 700 | 1 |
_aWenham, S. R. _q(Stuart R.) _917681 |
|
| 700 | 1 |
_aHegedus, Steven _917682 |
|
| 906 |
_a7 _bcbc _cpccadap _d2 _encip _f20 _gy-gencatlg |
||
| 942 |
_2ddc _cO_SHELF |
||
| 999 |
_c8743 _d8743 |
||